| 000 | 00783 a2200205 4500 | ||
|---|---|---|---|
| 020 | _a978-7-04-029610-5 | ||
| 020 | _a9787040296105 | ||
| 082 | _a536.7 | ||
| 090 |
_c1724 _d1724 |
||
| 100 | 1 | _aQing, Jiang. | |
| 245 | 1 | 0 |
_aThermodynamics of materials / _cJiang Qing, Wen Zi. |
| 260 |
_a[S.l.] : _bHigher Education Press, _c2011. |
||
| 300 |
_a298 p. ; _c24 cm. |
||
| 490 | 1 | _aEnglish version) (hardcover. | |
| 700 | 1 | _aZi, Wen. | |
| 830 | 0 | _aEnglish version) (hardcover. | |
| 942 |
_aSNS _cBK _k536.7 JIA |
||
| 999 |
_c30331 _d30331 |
||